| 000 | 01351nac a22002651u 4500 | ||
|---|---|---|---|
| 020 | _a8120314786 | ||
| 082 | 0 | 0 | _a610/.285 |
| 090 |
_c102 _d102 |
||
| 100 | _a20080729 | ||
| 245 | 0 | 0 |
_aBiomedical digital signal processing : _bC-language examples and laboratory experiments for the IBM PC / _cWillis J. Tompkins, editor. |
| 260 |
_aEnglewood Cliffs, N.J. : _bPrentice Hall, _cc1995 |
||
| 300 |
_axiv, 368 p. : _bill. ; _c25 cm. + _e1 computer disk (3 1/2 in.) |
||
| 500 | _aSystem requirements for computer disk: IBM PC or compatible; 640K RAM; hard disk (recommended); VGA, EGA, or Hercules monochrome graphics; math coprocessor (optional); supports Real Time Devices ADA2100 signal conversion board, Motorola 68HC11EVB board, and a virtual signal conversion device. | ||
| 650 | 0 |
_aSignal processing _xDigital techniques. |
|
| 650 | 0 | _aComputers in medicine. | |
| 650 | 0 | _aDigital filters (Mathematics) | |
| 650 | 0 | _aIBM Personal Computer. | |
| 650 | 0 | _aC (Computer program language) | |
| 650 | 0 | _aBiomedical Engineering. | |
| 650 | 0 | _aSignal Processing, Computer Assisted. | |
| 650 | 0 | _aProgramming Languages. | |
| 700 | 1 | _aTompkins, Willis J. | |
| 942 |
_cBB _k610.285 |
||
| 999 |
_c102 _d102 |
||